| 000 | 00640nam a22001937a 4500 | ||
|---|---|---|---|
| 005 | 20240925144559.0 | ||
| 010 | _aENG-141767 | ||
| 020 |
_a9789356848955 _c395.00 |
||
| 035 | _aEN-125299 | ||
| 037 | _bDBAD | ||
| 082 | _a616.99449 | ||
| 100 |
_aBhat, Jayshree Thatte _971948 |
||
| 245 |
_aClimb to Victory: _bOver Breast Cancer/ _cBy Jayshree Thatte Bhat |
||
| 250 | _a1 | ||
| 260 |
_aNew Delhi _bDiamond Pocket Books _c2024 |
||
| 270 |
_aX- 30, Okhla Industrial Area, Phase-II _bNew Delhi _e110020 _mwecare@diamondbooks.in _k011-40712100 _k011-41611861 |
||
| 300 |
_a252p. _c22cm(pb) |
||
| 942 |
_2ddc _cEN _h616.99449 _mBHA |
||
| 999 |
_c205879 _d205879 |
||